| 000 | 00799nam a2200229 a 4500 | ||
|---|---|---|---|
| 001 | 25890 | ||
| 003 | CO-ViMGA | ||
| 008 | 141112s2004 ck r 000 u spa d | ||
| 020 | _a9788499741444 | ||
| 040 |
_aCO-ViMGA _bspa _cCO-ViMGA |
||
| 041 | _aSPA | ||
| 082 | 0 | 4 | _aR463.21 D31 |
| 245 | 1 | 0 |
_aDiccionario bilingüe Advanced english - spanish, español - inglés / _cDirección editorial Jordi Induraín |
| 250 | _a5a ed. | ||
| 260 |
_aBarcelona : _bVox, _c2013 |
||
| 300 | _a672 p. | ||
| 500 | _aIncluye gramática del inglés y del español, verbos irregulares ingleses y tablas de conjugación de los verbos en español | ||
| 650 | 1 | 4 |
_aDESDE LOS 15 AÑOS _91079 |
| 650 | 1 | 4 |
_aESPAÑOL - DICCIONARIOS - INGLES _923603 |
| 650 | 1 | 4 |
_aINGLES - DICCIONARIOS - ESPAÑOL _933459 |
| 942 |
_2ddc _cBK |
||
| 999 |
_c5448 _d5448 |
||